| 000 | 01442cas a2200385 a 4500 | ||
|---|---|---|---|
| 001 | 11325545 | ||
| 005 | 20180201032255.0 | ||
| 008 | 830418d19721989nyuar l 0 a0eng c | ||
| 010 | _a 87640246 | ||
| 022 | 0 |
_a0898-9680 _21 |
|
| 035 | _a(OCoLC)ocm09421906 | ||
| 040 |
_aCOO _beng _cCOO _dDLC _dHUL _dDLC _dNSD _dDLC _dHUL _dDLC _dNSD _dOCL _dDLC _dOCLCQ _dOCLCG _dOCLCQ _dOCLCF _dOCLCO |
||
| 041 | _aeng | ||
| 042 |
_apcc _ansdp |
||
| 043 | _an-us--- | ||
| 080 | _a346.730666 JEN | ||
| 082 | 0 | 0 |
_a346.730666 JEN _a347.306666 _219 |
| 100 | _a14 | ||
| 101 | _aJUR | ||
| 210 | 0 | _aSel. statut. rules forms under fed. secur. laws | |
| 222 | 0 | _aSelected statutes, rules, and forms under the federal securities laws | |
| 245 | 0 | 0 | _aSelected statutes, rules, and forms under the federal securities laws. |
| 246 | 1 | 4 |
_aSecurities regulation _f1972 |
| 246 | 1 | 4 |
_aFederal securities laws _f1989 |
| 310 | _aAnnual | ||
| 362 | 0 | _a1972 suppl.-1989 ed. | |
| 515 | _aVol. for 1972 called 1972 supplement, v. for 1975-1989 called 1975 ed.-1989 ed. | ||
| 515 | _aNone published for 1976? | ||
| 590 | _aSERBIB/SERLOC merged record | ||
| 776 | 0 | 8 |
_iOnline version: _tSelected statutes, rules, and forms under the federal securities laws _w(OCoLC)705735963 |
| 785 | 0 | 0 |
_tFederal securities laws _x1061-7078 _w(DLC) 92643867 _w(OCoLC)24269562 |
| 906 |
_a7 _bcbc _cserials _d3 _encip _f19 _gn-oclcserc |
||
| 942 |
_2ddc _cBK |
||
| 999 |
_c41438 _d41438 |
||